[Event "Ricany op"]
[Site "Ricany"]
[Date "2015.08.23"]
[Round "3"]
[White "Moravec, Vit"]
[Black "Krivanek, Vladimir"]
[Result "0-1"]
[WhiteElo "2209"]
[BlackElo "2105"]
[PlyCount "132"]
[EventDate "2015.08.22"]
[EventType "swiss"]
[EventRounds "9"]
[EventCountry "CZE"]
[SourceTitle "EXT 2023"]
[Source "ChessBase"]
[SourceDate "2022.10.05"]
[SourceVersion "1"]
[SourceVersionDate "2022.10.05"]
[SourceQuality "1"]

1. c4 Nc6 2. Nf3 e5 3. Nc3 f5 4. d4 e4 5. Ng5 Nf6 6. e3 Be7 7. Be2 0-0 8. Nh3 Qe8 9. Nf4 d6 10. Bd2 Bd7 11. Ncd5 Nxd5 12. Nxd5 Bd8 13. Bc3 Ne7 14. Nf4 g5 15. Nh5 Ng6 16. Qd2 c6 17. 0-0-0 d5 18. Bb4 Be7 19. Bxe7 Qxe7 20. c5 b6 21. Qc3 bxc5 22. dxc5 Qe5 23. Qxe5 Nxe5 24. h4 g4 25. Nf4 Kf7 26. g3 a5 27. Rd4 Rfb8 28. Rhd1 Be6 29. R1d2 Ke7 30. Rc2 Bc8 31. Ra4 Rb4 32. b3 Rxa4 33. bxa4 Rb8 34. Rc3 Be6 35. Rc2 Nd7 36. a3 Bf7 37. Bf1 Nf8 38. Ne2 Ne6 39. Nd4 Nxd4 40. exd4 Ke6 41. Be2 h5 42. Ba6 Kf6 43. Rc3 f4 44. gxf4 Kf5 45. Re3 Kxf4 46. Rg3 Bg6 47. Kd2 Rb2+ 48. Ke1 Bf5 49. Re3 Bd7 50. Rg3 Kf5 51. Re3 Rb1+ 52. Kd2 Rh1 53. Rb3 Rxh4 54. Bf1 Rh2 55. Ke3 h4 56. Rb8 Rh1 57. Ke2 g3 58. fxg3 hxg3 59. Rg8 Kf4 60. Rf8+ Bf5 61. Bg2 Rh2 62. Kf1 e3 63. Re8 Rxg2 64. Kxg2 Be4+ 65. Kh3 e2 66. Rf8+ Bf5+ 0-1

[Event "Vsetin op 40th"]
[Site "Vsetin"]
[Date "2015.07.11"]
[Round "9"]
[White "Moravec, Vit"]
[Black "Lorenc, Tomas"]
[Result "0-1"]
[WhiteElo "2233"]
[BlackElo "2102"]
[PlyCount "132"]
[EventDate "2015.07.04"]
[EventType "swiss"]
[EventRounds "9"]
[EventCountry "CZE"]
[SourceTitle "CBM 167 Extra"]
[Source "ChessBase"]
[SourceDate "2015.09.14"]
[SourceVersion "1"]
[SourceVersionDate "2015.09.14"]
[SourceQuality "1"]

1. e4 d5 2. exd5 Qxd5 3. Nc3 Qd6 4. d4 Nf6 5. Nf3 Bg4 6. g3 Nc6 7. Be3 0-0-0 8. Bg2 Nd5 9. 0-0 Nxe3 10. fxe3 e5 11. Ne4 Qh6 12. Qc1 Bxf3 13. Bxf3 f5 14. Nc5 exd4 15. exd4 Qxc1 16. Raxc1 Nxd4 17. b4 Bxc5 18. bxc5 Nxf3+ 19. Rxf3 Rd5 20. c6 bxc6 21. Ra3 Rhd8 22. Rxa7 Rd1+ 23. Rxd1 Rxd1+ 24. Kf2 Rd2+ 25. Ke3 Rxc2 26. h4 Rc4 27. Ra8+ Kb7 28. Rh8 h6 29. Kf3 c5 30. Rf8 Rc3+ 31. Kf4 g6 32. Rf6 g5+ 33. hxg5 hxg5+ 34. Kxg5 Rxg3+ 35. Kf4 Ra3 36. Rxf5 Rxa2 37. Rxc5 Kb6 38. Rc1 Re2 39. Rb1+ Ka5 40. Rc1 Re7 41. Kf3 Kb4 42. Rb1+ Kc3 43. Rc1+ Kd3 44. Rd1+ Kc2 45. Rd5 Kc3 46. Rc5+ Kd3 47. Kf2 Kd4 48. Rc6 Kd5 49. Rc1 c5 50. Rd1+ Kc6 51. Rb1 Re4 52. Kf3 Re5 53. Kf4 Re8 54. Rc1 Kb5 55. Rb1+ Ka4 56. Rc1 Kb4 57. Rb1+ Ka3 58. Rc1 Rc8 59. Ke3 Kb2 60. Rc4 Kb3 61. Rc1 c4 62. Kd4 Rd8+ 63. Kc5 c3 64. Rb1+ Ka2 65. Rh1 c2 66. Kb4 Kb2 0-1